[Event "Labour Day op U1800"]
[Site "Toronto CAN"]
[Date "2007.09.03"]
[Round "6"]
[White "Sherman, Joshua"]
[Black "Prysiazny, Michael"]
[Result "1/2-1/2"]
[WhiteElo "1760"]
[BlackElo "1673"]
[PlyCount "43"]
[GameId "2160767910579744"]
[EventDate "2007.09.01"]
[EventType "swiss"]
[EventRounds "6"]
[EventCountry "CAN"]

1. e4 e5 2. f4 exf4 3. Nf3 d6 4. Bc4 Bg4 5. O-O Be7 6. d4 Nf6 7. Qd3 Nc6 8. Bxf4 Bxf3 9. Rxf3 d5 10. exd5 Nxd5 11. Bxc7 Qxc7 12. Bxd5 O-O-O 13. Qf5+ Kb8 14. c3 Nxd4 15. cxd4 Qc1+ 16. Rf1 Qxb2 17. Qf4+ Ka8 18. Bxb7+ Qxb7 19. Nc3 Bf6 20. Rfd1 Qc6 21. Rab1 g5 22. Qf2 1/2-1/2

[Event "Labour Day op U1800"]
[Site "Toronto CAN"]
[Date "2007.09.03"]
[Round "6"]
[White "Villalobos, Oscar"]
[Black "Bellomo, Joe"]
[Result "1-0"]
[WhiteElo "1790"]
[BlackElo "1716"]
[PlyCount "91"]
[GameId "2160767910579745"]
[EventDate "2007.09.01"]
[EventType "swiss"]
[EventRounds "6"]
[EventCountry "CAN"]

1. e4 c5 2. Nc3 d6 3. g3 Nc6 4. Bg2 a6 5. f4 Nf6 6. d3 Qc7 7. Nf3 e6 8. O-O Be7 9. h3 Rb8 10. g4 b5 11. Ne2 Bb7 12. c3 b4 13. g5 Nh5 14. Be3 bxc3 15. bxc3 g6 16. Qe1 Bf8 17. f5 e5 18. fxg6 hxg6 19. c4 Nb4 20. Qd2 Nc6 21. Nc3 Ne7 22. Nh2 Bg7 23. Ng4 Ng8 24. Rab1 Nf4 25. Bxf4 exf4 26. Nd5 Bxd5 27. exd5 Bd4+ 28. Kh1 f3 29. Rxb8+ Qxb8 30. Rxf3 Qc8 31. Qf4 Qd7 32. Rf1 Rh7 33. Rb1 Kf8 34. Rb6 Be5 35. Nxe5 dxe5 36. Rb8+ Kg7 37. Qxe5+ f6 38. gxf6+ Nxf6 39. d6 Rxh3+ 40. Kg1 Rxd3 41. Rb7 Rd1+ 42. Kh2 Qxb7 43. Bxb7 Rd2+ 44. Bg2 Rf2 45. d7 Rf5 46. Qxf5 1-0

[Event "Labour Day op U2000"]
[Site "Toronto CAN"]
[Date "2007.09.01"]
[Round "1"]
[White "Fulmyk, Wojtek"]
[Black "Armstrong, Robert J"]
[Result "1-0"]
[WhiteElo "1933"]
[BlackElo "1808"]
[PlyCount "57"]
[GameId "2160767910579746"]
[EventDate "2007.09.01"]
[EventType "swiss"]
[EventRounds "6"]
[EventCountry "CAN"]

1. Nf3 g6 2. g3 Bg7 3. Bg2 Nf6 4. d3 O-O 5. O-O d6 6. Nc3 c6 7. Be3 h6 8. d4 Bd7 9. Ne1 Ne8 10. f4 f5 11. Rb1 Be6 12. Qd2 Nd7 13. a3 Nc5 14. Bd5 Bxd5 15. Rd1 Ne6 16. Nf3 b6 17. Rf2 a5 18. a4 Kf7 19. h4 g5 20. h5 g4 21. b4 axb4 22. Re1 Rb8 23. Kg2 Rb7 24. a5 Rg8 25. a6 Qb8 26. Rh1 Rh8 27. Rh3 c5 28. Rh4 cxd4 29. Rh1 1-0

[Event "Labour Day op U2000"]
[Site "Toronto CAN"]
[Date "2007.09.01"]
[Round "1"]
[White "Supsup, Ferdinand"]
[Black "Kurkowski, Ken"]
[Result "1/2-1/2"]
[WhiteElo "1865"]
[BlackElo "1781"]
[PlyCount "73"]
[GameId "2160767910579747"]
[EventDate "2007.09.01"]
[EventType "swiss"]
[EventRounds "6"]
[EventCountry "CAN"]

1. e4 g6 2. Nc3 Bg7 3. f4 d6 4. Nf3 Nf6 5. Bb5+ Bd7 6. Qe2 O-O 7. O-O c5 8. Kh1 Nc6 9. Bc4 a6 10. a4 Qc7 11. d3 Nd4 12. Nxd4 cxd4 13. Nd5 Nxd5 14. Bxd5 Rac8 15. Rf2 b5 16. a5 b4 17. f5 e6 18. f6 exd5 19. fxg7 Kxg7 20. Qd2 dxe4 21. Qh6+ Kg8 22. Bg5 f5 23. dxe4 fxe4 24. Raf1 Rxf2 25. Rxf2 Bb5 26. Bf6 e3 27. Rf4 d3 28. c3 bxc3 29. Bxc3 d2 30. Rd4 Be2 31. Qxe3 d1=Q+ 32. Rxd1 Bxd1 33. Qe6+ Kf8 34. Qf6+ Ke8 35. Qe6+ Kf8 36. Qf6+ Ke8 37. Qe6+ 1/2-1/2

[Event "Labour Day op U2000"]
[Site "Toronto CAN"]
[Date "2007.09.01"]
[Round "2"]
[White "Kurkowski, Ken"]
[Black "Wang, Jesse BJ"]
[Result "0-1"]
[WhiteElo "1781"]
[BlackElo "1886"]
[PlyCount "68"]
[GameId "2160767910579748"]
[EventDate "2007.09.01"]
[EventType "swiss"]
[EventRounds "6"]
[EventCountry "CAN"]

1. d4 d5 2. c4 c6 3. Nf3 Nf6 4. e3 Bf5 5. cxd5 cxd5 6. Qb3 Qc7 7. Nc3 e6 8. Bd2 Nc6 9. Bb5 a6 10. Bxc6+ bxc6 11. Na4 Rb8 12. Qc3 Ne4 13. Qa5 Qxa5 14. Bxa5 Rb5 15. Bc7 Kd7 16. Bf4 f6 17. Rc1 g5 18. Bg3 Bb4+ 19. Ke2 h5 20. h4 g4 21. Ne1 Nxg3+ 22. fxg3 Be4 23. a3 Bxe1 24. Rhxe1 Bxg2 25. b4 a5 26. Nc5+ Kd6 27. Rb1 axb4 28. Rxb4 Ra8 29. Rxb5 cxb5 30. Ra1 e5 31. Kd3 exd4 32. Kxd4 Bf3 33. Nd3 Be4 34. Nf4 Rc8 0-1

[Event "Labour Day op U2000"]
[Site "Toronto CAN"]
[Date "2007.09.02"]
[Round "3"]
[White "Armstrong, Robert J"]
[Black "Lambruschini, Alex"]
[Result "1-0"]
[WhiteElo "1808"]
[BlackElo "1803"]
[PlyCount "105"]
[GameId "2160767910579749"]
[EventDate "2007.09.01"]
[EventType "swiss"]
[EventRounds "6"]
[EventCountry "CAN"]

1. d4 e6 2. c4 d5 3. Nf3 c6 4. e3 Nf6 5. Bd3 Bb4+ 6. Bd2 Bxd2+ 7. Qxd2 O-O 8. O-O Nbd7 9. Nc3 a6 10. a4 b6 11. b4 dxc4 12. Bxc4 Bb7 13. e4 c5 14. bxc5 Nxe4 15. Nxe4 Bxe4 16. Ng5 Bd5 17. Bxd5 exd5 18. c6 Nb8 19. Rfc1 Qf6 20. c7 Nd7 21. Rc3 h6 22. Nf3 Rfc8 23. Rac1 Ra7 24. Rc6 Qe7 25. Qf4 Qa3 26. h3 Nf8 27. Qf5 Ne6 28. Qxd5 Qe7 29. Rxb6 Rcxc7 30. Rb8+ Kh7 31. Qe4+ g6 32. Rxc7 Qxc7 33. Qe5 Qxe5 34. dxe5 g5 35. Rc8 Kg6 36. g4 h5 37. Rc6 hxg4 38. hxg4 Kg7 39. Kf1 Kf8 40. Ke2 Ke7 41. Ke3 Kd7 42. Rd6+ Ke7 43. Nd4 Nxd4 44. Kxd4 a5 45. Rd5 Rb7 46. Ke4 Rb4+ 47. Rd4 Ke6 48. Rxb4 axb4 49. Kd4 b3 50. Kc3 b2 51. Kxb2 Kd5 52. Kb3 Kc5 53. Kc3 1-0

[Event "Labour Day op U2000"]
[Site "Toronto CAN"]
[Date "2007.09.02"]
[Round "3"]
[White "Rakov, Pavel"]
[Black "Kurkowski, Ken"]
[Result "1-0"]
[WhiteElo "1815"]
[BlackElo "1781"]
[PlyCount "65"]
[GameId "2160767910579750"]
[EventDate "2007.09.01"]
[EventType "swiss"]
[EventRounds "6"]
[EventCountry "CAN"]

1. e4 d6 2. d4 Nf6 3. Nc3 g6 4. Bg5 Bg7 5. e5 Nfd7 6. exd6 cxd6 7. Nf3 O-O 8. Bc4 Nc6 9. Qd2 a6 10. O-O-O b5 11. Bb3 Bb7 12. Kb1 Rc8 13. h4 Nf6 14. Bh6 Na5 15. Bxg7 Kxg7 16. Qg5 Rxc3 17. bxc3 Qc7 18. Kb2 Ne4 19. Qe3 Rc8 20. Rd3 Nc4+ 21. Bxc4 bxc4 22. Rdd1 Qb6+ 23. Ka1 Qa5 24. Rb1 Nxc3 25. Rb2 Bd5 26. h5 h6 27. hxg6 Rh8 28. gxf7 Bxf7 29. Qxe7 Rb8 30. Qxd6 Rxb2 31. Kxb2 Nd1+ 32. Kc1 Nxf2 33. Qxh6+ 1-0

[Event "Labour Day op U2000"]
[Site "Toronto CAN"]
[Date "2007.09.02"]
[Round "4"]
[White "Kurkowski, Ken"]
[Black "Armstrong, Robert J"]
[Result "1-0"]
[WhiteElo "1781"]
[BlackElo "1808"]
[PlyCount "62"]
[GameId "2160767910579751"]
[EventDate "2007.09.01"]
[EventType "swiss"]
[EventRounds "6"]
[EventCountry "CAN"]

1. d4 g6 2. c4 Bg7 3. Nc3 Nf6 4. e4 d6 5. Nf3 O-O 6. Be2 c5 7. d5 Na6 8. O-O Qb6 9. Rb1 Re8 10. a3 Nc7 11. Qc2 Ng4 12. Bg5 e5 13. dxe6 fxe6 14. Be3 Nf6 15. h3 h6 16. Bd2 Rd8 17. e5 dxe5 18. Nxe5 Rb8 19. Bd3 Ng4 20. Bf4 Nxe5 21. Bd2 Ng4 22. Ne4 Ne8 23. Nf6+ Bxf6 24. Bf5 gxf5 25. Qxf5 Qa5 26. Qf4 Kh8 27. Qf5 Ne3 28. b4 cxb4 29. Qxf6+ Kh7 30. Qe7+ Kg8 31. Qxd8 Kh8 1-0

[Event "Labour Day op U2000"]
[Site "Toronto CAN"]
[Date "2007.09.03"]
[Round "5"]
[White "Armstrong, Robert J"]
[Black "Salomaa, Markku"]
[Result "1/2-1/2"]
[WhiteElo "1808"]
[BlackElo "1814"]
[PlyCount "44"]
[GameId "2160767910579752"]
[EventDate "2007.09.01"]
[EventType "swiss"]
[EventRounds "6"]
[EventCountry "CAN"]

1. d4 Nf6 2. c4 e6 3. Nf3 Bb4+ 4. Bd2 c5 5. e3 d6 6. a3 O-O 7. Qc2 Qa5 8. d5 b6 9. Bd3 Bb7 10. axb4 Qxa1 11. O-O cxb4 12. Rd1 Rd8 13. h3 b3 14. Kf1 e5 15. c5 a6 16. g4 bxc5 17. Rc1 h5 18. gxh5 Kf8 19. h6 g5 20. Rd1 Ke7 21. Ke2 a5 22. e4 a4 1/2-1/2

[Event "Labour Day op U2000"]
[Site "Toronto CAN"]
[Date "2007.09.03"]
[Round "5"]
[White "Kurkowski, Ken"]
[Black "Kagramanov, Dalia"]
[Result "1/2-1/2"]
[WhiteElo "1781"]
[BlackElo "1853"]
[PlyCount "65"]
[GameId "2160767910579753"]
[EventDate "2007.09.01"]
[EventType "swiss"]
[EventRounds "6"]
[EventCountry "CAN"]

1. d4 Nf6 2. c4 g6 3. Nc3 d5 4. cxd5 Nxd5 5. e4 Nxc3 6. bxc3 Bg7 7. Nf3 c5 8. Be3 Bg4 9. Bb5+ Nd7 10. O-O O-O 11. h3 Bxf3 12. Qxf3 a6 13. Bxd7 Qxd7 14. Rfd1 Qc7 15. Rac1 b6 16. dxc5 bxc5 17. Rd5 Qa5 18. Qe2 Rfc8 19. Qc4 Qb5 20. Qxb5 axb5 21. Rxc5 Rxc5 22. Bxc5 e6 23. a3 Bf8 24. Bxf8 Kxf8 25. Ra1 Ke7 26. Kf1 Kd6 27. Ke2 Kc5 28. Kd3 e5 29. g4 Ra4 30. f3 f5 31. g5 f4 32. Ra2 Ra7 33. Ra1 1/2-1/2

[Event "Labour Day op U2000"]
[Site "Toronto CAN"]
[Date "2007.09.03"]
[Round "6"]
[White "Armstrong, Robert J"]
[Black "MacLeod, Brian"]
[Result "0-1"]
[WhiteElo "1808"]
[BlackElo "1812"]
[PlyCount "46"]
[GameId "2160767910579754"]
[EventDate "2007.09.01"]
[EventType "swiss"]
[EventRounds "6"]
[EventCountry "CAN"]

1. d4 e6 2. c4 f5 3. g3 d5 4. Bg2 Bb4+ 5. Nc3 c5 6. Nf3 Nf6 7. Qb3 O-O 8. Bg5 Nbd7 9. Bf4 Qb6 10. e3 Ne4 11. Ne5 g5 12. Ng4 Qd6 13. f3 gxf4 14. Qc2 Nxc3 15. bxc3 fxe3 16. Bh3 f4 17. gxf4 Qxf4 18. Qd3 a6 19. Qg6+ Kh8 20. Qxe6 Qd6 21. Qxe3 Qf6 22. Qe6 b5 23. Qxd7 Qe5+ 0-1

[Event "Labour Day op U2000"]
[Site "Toronto CAN"]
[Date "2007.09.03"]
[Round "6"]
[White "Wu, Aaron"]
[Black "Kurkowski, Ken"]
[Result "0-1"]
[WhiteElo "1675"]
[BlackElo "1781"]
[PlyCount "64"]
[GameId "2160767910579755"]
[EventDate "2007.09.01"]
[EventType "swiss"]
[EventRounds "6"]
[EventCountry "CAN"]

1. e4 d6 2. d4 Nf6 3. Nc3 g6 4. Nf3 Bg7 5. Bd3 O-O 6. O-O c5 7. d5 a6 8. a4 Qc7 9. Nd2 e6 10. dxe6 Bxe6 11. Bc4 Nc6 12. Nf3 Bxc4 13. Bf4 Rad8 14. Re1 Ne5 15. b3 Be6 16. Qd2 Nxf3+ 17. gxf3 Nh5 18. Bh6 Qa5 19. Bxg7 Kxg7 20. Rad1 Nf6 21. Qe3 Qc7 22. f4 Rfe8 23. Qg3 Nh5 24. Qf3 Qe7 25. f5 Qg5+ 26. Kh1 Bc8 27. Rg1 Qf4 28. Qxh5 Kh8 29. fxg6 fxg6 30. Rxg6 Rg8 31. Rh6 Rg7 32. Rg1 Bg4 0-1

[Event "Labour Day op U2200"]
[Site "Toronto CAN"]
[Date "2007.09.01"]
[Round "1"]
[White "Ferreira, Alex"]
[Black "Laughlin, Steve"]
[Result "1-0"]
[WhiteElo "1945"]
[BlackElo "2124"]
[PlyCount "57"]
[GameId "2160767910579756"]
[EventDate "2007.09.01"]
[EventType "swiss"]
[EventRounds "6"]
[EventCountry "CAN"]

1. e4 c5 2. Nf3 d6 3. d4 cxd4 4. Nxd4 Nf6 5. Nc3 a6 6. a4 e5 7. Nb3 Be6 8. Bg5 Be7 9. Bxf6 Bxf6 10. Nd5 Bxd5 11. Qxd5 Nc6 12. Bc4 O-O 13. Rd1 Rc8 14. c3 Ne7 15. Qd3 Qd7 16. Ra1 Ng6 17. g3 Qh3 18. Nd2 Bg5 19. Qf1 Qh6 20. Rd1 Kh8 21. h4 Bxd2+ 22. Rxd2 f5 23. Qe2 fxe4 24. Rxd6 Rxc4 25. Qxc4 Qc1+ 26. Rd1 Qxb2 27. O-O Qc2 28. h5 Ne7 29. Qc5 1-0

[Event "Labour Day op U2200"]
[Site "Toronto CAN"]
[Date "2007.09.01"]
[Round "1"]
[White "Hall , John"]
[Black "Garel, Rick"]
[Result "1-0"]
[WhiteElo "2126"]
[BlackElo "1970"]
[PlyCount "67"]
[GameId "2160767910579757"]
[EventDate "2007.09.01"]
[EventType "swiss"]
[EventRounds "6"]
[EventCountry "CAN"]

1. e4 c5 2. Nf3 d6 3. d4 cxd4 4. Nxd4 Nf6 5. Nc3 a6 6. Bg5 e6 7. f4 Be7 8. Qf3 Qc7 9. O-O-O Nc6 10. Be2 Bd7 11. Rhe1 O-O 12. Qg3 Rfc8 13. Nxc6 Bxc6 14. Bd3 e5 15. fxe5 dxe5 16. Bxf6 Bxf6 17. Nd5 Bxd5 18. exd5 Qb6 19. Be4 Rd8 20. Rd3 Qd6 21. Rf1 Qe7 22. Kb1 Rac8 23. Rdf3 Rd6 24. Bxh7+ Kf8 25. Qh3 Rc4 26. Be4 Qd8 27. Qh7 Qb6 28. Rb3 Rb4 29. Qh8+ Ke7 30. Qc8 Rxb3 31. axb3 Qd4 32. Qxb7+ Rd7 33. Qc6 Rd6 34. Qc4 1-0

[Event "Labour Day op U2200"]
[Site "Toronto CAN"]
[Date "2007.09.01"]
[Round "2"]
[White "Fan, Brendan"]
[Black "Ferreira, Alex"]
[Result "0-1"]
[WhiteElo "1978"]
[BlackElo "1945"]
[PlyCount "90"]
[GameId "2160767910579758"]
[EventDate "2007.09.01"]
[EventType "swiss"]
[EventRounds "6"]
[EventCountry "CAN"]

1. e4 d5 2. exd5 Nf6 3. d4 Nxd5 4. c4 Nb6 5. h3 e5 6. Be3 Bb4+ 7. Nc3 O-O 8. Nf3 exd4 9. Nxd4 Re8 10. Qd3 Na4 11. O-O-O Nxc3 12. bxc3 Ba3+ 13. Kb1 Qf6 14. g4 c6 15. Bg2 Nd7 16. Nc2 Ne5 17. Qd4 Bf8 18. f4 Nd7 19. Qd2 Nb6 20. Bxb6 axb6 21. Qd4 Qxd4 22. cxd4 f5 23. d5 c5 24. Bf3 Bd6 25. Rhf1 Ra4 26. Rfe1 Rxe1 27. Rxe1 Bd7 28. Ne3 Kf8 29. Nxf5 Rb4+ 30. Ka1 Bxf4 31. Re4 Bg5 32. a4 Bf6+ 33. Ka2 Rxa4+ 34. Kb3 Rb4+ 35. Ka3 b5 36. cxb5 Rxb5 37. Ra4 Rb1 38. Ra8+ Kf7 39. Nd6+ Ke7 40. Nc8+ Bxc8 41. Rxc8 Kd6 42. Re8 c4 43. Bg2 c3 44. Rc8 Kd7 45. Rc4 Be7+ 0-1

[Event "Labour Day op U2200"]
[Site "Toronto CAN"]
[Date "2007.09.02"]
[Round "3"]
[White "Ferreira, Alex"]
[Black "Sapozhnikov, Roman"]
[Result "1/2-1/2"]
[WhiteElo "1945"]
[BlackElo "2160"]
[PlyCount "51"]
[GameId "2160767910579759"]
[EventDate "2007.09.01"]
[EventType "swiss"]
[EventRounds "6"]
[EventCountry "CAN"]

1. d4 Nf6 2. Bg5 e6 3. Nf3 h6 4. Bh4 b6 5. e3 Bb7 6. Nbd2 d5 7. a4 a6 8. Be2 Be7 9. O-O O-O 10. Ne5 Nfd7 11. Bxe7 Qxe7 12. Ndf3 Nc6 13. Nxd7 Qxd7 14. c3 a5 15. Bb5 Qd6 16. Bxc6 Bxc6 17. Ne5 Be8 18. f4 f6 19. Nd3 Bg6 20. Nf2 c5 21. Qg4 Bf5 22. Qh4 Kh7 23. g4 g5 24. Qh3 Bg6 25. f5 Bf7 26. Qf3 1/2-1/2

[Event "Labour Day op U2200"]
[Site "Toronto CAN"]
[Date "2007.09.02"]
[Round "4"]
[White "Knox, Christopher"]
[Black "Ferreira, Alex"]
[Result "0-1"]
[WhiteElo "2032"]
[BlackElo "1945"]
[PlyCount "78"]
[GameId "2160767910579760"]
[EventDate "2007.09.01"]
[EventType "swiss"]
[EventRounds "6"]
[EventCountry "CAN"]

1. d4 d5 2. c4 e5 3. dxe5 d4 4. Nf3 Nc6 5. Bf4 h6 6. h4 Bg4 7. Qb3 Qd7 8. Nbd2 a5 9. a3 a4 10. Qd3 O-O-O 11. O-O-O Bc5 12. g3 Kb8 13. Bg2 Nge7 14. Rhe1 Ng6 15. Nh2 Bf5 16. Bxc6 bxc6 17. Ne4 Nxf4 18. gxf4 Qe7 19. Nf3 Bb6 20. Rh1 Qe6 21. Nfd2 Ba5 22. Nc5 Bxd2+ 23. Rxd2 Bxd3 24. Rxd3 Qxc4+ 25. Kb1 Qxc5 26. Rc1 Qb5 27. Rd2 Rd5 28. Rdc2 Kb7 29. Rc4 c5 30. e4 dxe3 31. fxe3 Rd2 32. R4c2 Rxc2 33. Rxc2 c4 34. e4 Rd8 35. e6 Rd1+ 36. Rc1 c3 37. b4 Qd3+ 38. Ka2 Rxc1 39. e7 Qc2# 0-1

[Event "Labour Day op U2200"]
[Site "Toronto CAN"]
[Date "2007.09.03"]
[Round "5"]
[White "Ferreira, Alex"]
[Black "Fulmyk, Pavel"]
[Result "1-0"]
[WhiteElo "1945"]
[BlackElo "1977"]
[PlyCount "83"]
[GameId "2160767910579761"]
[EventDate "2007.09.01"]
[EventType "swiss"]
[EventRounds "6"]
[EventCountry "CAN"]

1. e4 e6 2. Nc3 d5 3. d3 Nf6 4. Bg5 d4 5. Nce2 h6 6. Bxf6 gxf6 7. f4 e5 8. h3 c5 9. Nf3 Nc6 10. c4 Rg8 11. g4 Bd6 12. f5 Bd7 13. Qd2 Bf8 14. Kf2 a6 15. Ng3 b5 16. b3 Qa5 17. Be2 Qxd2 18. Nxd2 b4 19. Nh5 Be7 20. Nf3 Kd8 21. Rhg1 a5 22. h4 a4 23. g5 hxg5 24. hxg5 fxg5 25. f6 Bd6 26. Nxg5 Rxg5 27. Rxg5 axb3 28. Rg8+ Be8 29. Ng7 Kd7 30. Bg4+ Kc7 31. Nxe8+ Kb6 32. axb3 Rxa1 33. Nxd6 Rb1 34. Nxf7 Rxb3 35. Be2 Rc3 36. Nd6 b3 37. Rg1 Nd8 38. f7 Ne6 39. Rb1 Ka5 40. Bd1 Ka4 41. Nb7 Ka3 42. Rxb3+ 1-0

[Event "Labour Day op U2200"]
[Site "Toronto CAN"]
[Date "2007.09.03"]
[Round "6"]
[White "Garel, Rick"]
[Black "Mills, Morgon"]
[Result "1-0"]
[WhiteElo "1970"]
[BlackElo "2118"]
[PlyCount "63"]
[GameId "2160767910579762"]
[EventDate "2007.09.01"]
[EventType "swiss"]
[EventRounds "6"]
[EventCountry "CAN"]

1. c4 Nf6 2. Nc3 d5 3. cxd5 Nxd5 4. Nf3 g6 5. d4 Bg7 6. e4 Nxc3 7. bxc3 c5 8. Bc4 O-O 9. O-O cxd4 10. cxd4 Nc6 11. Be3 Bg4 12. Bd5 Qa5 13. Rb1 e6 14. Bc4 Bxf3 15. gxf3 Rad8 16. d5 exd5 17. Bxd5 Rd7 18. Qe2 Re8 19. Rfc1 Nb4 20. Rc5 Qa3 21. Qb5 Nc6 22. Bxc6 bxc6 23. Qxc6 Qxa2 24. Qxd7 Qxb1+ 25. Rc1 Qb8 26. Rc7 Rf8 27. Bc5 Be5 28. Rb7 Qc8 29. Bxf8 Qc1+ 30. Kg2 Qg5+ 31. Qg4 Qd2 32. Bb4 1-0

[Event "Labour Day op U2200"]
[Site "Toronto CAN"]
[Date "2007.09.03"]
[Round "6"]
[White "Southam, David"]
[Black "Ferreira, Alex"]
[Result "1-0"]
[WhiteElo "2168"]
[BlackElo "1945"]
[PlyCount "67"]
[GameId "2160767910579763"]
[EventDate "2007.09.01"]
[EventType "swiss"]
[EventRounds "6"]
[EventCountry "CAN"]

1. d4 d5 2. Nf3 Nf6 3. c4 Bg4 4. Ne5 Bh5 5. cxd5 Nxd5 6. g3 f6 7. Nd3 Nb6 8. Bg2 c6 9. Nf4 Bf7 10. e4 e5 11. Ne2 Bb4+ 12. Bd2 Bxd2+ 13. Qxd2 Na6 14. b3 O-O 15. O-O Re8 16. Rd1 exd4 17. Nxd4 Bh5 18. f3 Nc7 19. Nc3 a6 20. Qf2 Nd7 21. Nf5 Re5 22. Bh3 Nb5 23. Nxb5 Rxb5 24. Rxd7 Qa5 25. Rad1 Qc3 26. Rxg7+ Kh8 27. Rdd7 Bg6 28. Bf1 Bxf5 29. exf5 Rxf5 30. Rxh7+ Kg8 31. Bc4+ Rd5 32. Bxd5+ cxd5 33. Kg2 d4 34. Qe2 1-0

[Event "Lanaudiere"]
[Site "Repentigny CAN"]
[Date "2007.08.17"]
[Round "1"]
[White "Chevalier, Francois"]
[Black "Forget, Luc"]
[Result "1-0"]
[WhiteElo "1800"]
[BlackElo "1983"]
[PlyCount "109"]
[GameId "2160767910579830"]
[EventDate "2007.08.17"]
[EventType "swiss"]
[EventRounds "5"]
[EventCountry "CAN"]
[SourceTitle "EXT 2022"]
[Source "ChessBase"]
[SourceDate "2021.10.06"]
[SourceVersion "1"]
[SourceVersionDate "2021.10.06"]
[SourceQuality "1"]

1. d4 Nf6 2. Nf3 b6 3. e3 Bb7 4. Bd3 e6 5. O-O c5 6. b3 Be7 7. Nbd2 d5 8. Bb2 Nbd7 9. c4 O-O 10. Qe2 Ne4 11. Rad1 f5 12. Ne5 Nxe5 13. dxe5 Qe8 14. f3 Nxd2 15. Rxd2 Kh8 16. cxd5 exd5 17. f4 Rd8 18. Rfd1 Qf7 19. Kh1 Bc6 20. Bb5 Qe6 21. Bxc6 Qxc6 22. Qf3 c4 23. Rxd5 Rxd5 24. Qxd5 Qxd5 25. Rxd5 cxb3 26. axb3 Kg8 27. Rd7 Rd8 28. Rxd8+ Bxd8 29. Kg1 Kf7 30. Kf2 Ke6 31. Ke2 g5 32. Kd3 Be7 33. Bd4 Bd8 34. h3 a6 35. g3 b5 36. e4 h5 37. exf5+ Kxf5 38. Ke3 gxf4+ 39. gxf4 Be7 40. Bc3 Bc5+ 41. Kf3 Bb6 42. b4 Bg1 43. Bd2 Bd4 44. Be1 Bb6 45. Bd2 Bc7 46. Ke3 Bb6+ 47. Kd3 Ba7 48. Be3 Bb8 49. Bc5 Bc7 50. Kd4 a5 51. bxa5 Bxa5 52. Bd6 Bd2 53. Kd5 b4 54. e6 b3 55. e7 1-0

[Event "Lanaudiere"]
[Site "Repentigny CAN"]
[Date "2007.08.17"]
[Round "1"]
[White "Drolet, Stephane"]
[Black "Girouard, Michel"]
[Result "1-0"]
[WhiteElo "2149"]
[BlackElo "1845"]
[PlyCount "59"]
[GameId "2160767910579831"]
[EventDate "2007.08.17"]
[EventType "swiss"]
[EventRounds "5"]
[EventCountry "CAN"]
[SourceTitle "EXT 2022"]
[Source "ChessBase"]
[SourceDate "2021.10.06"]
[SourceVersion "1"]
[SourceVersionDate "2021.10.06"]
[SourceQuality "1"]

1. d4 g6 2. Nf3 Bg7 3. e4 c6 4. h3 d5 5. Nc3 dxe4 6. Nxe4 Nd7 7. Bc4 Ngf6 8. Nxf6+ Nxf6 9. O-O O-O 10. Re1 Qd6 11. Qe2 Re8 12. Bg5 b5 13. Bb3 a5 14. a4 b4 15. Rad1 Ba6 16. Qd2 Nd5 17. Bh6 Rac8 18. Ne5 e6 19. Bxg7 Kxg7 20. Re4 Qf8 21. Nd7 Qe7 22. Nc5 Bb7 23. Rde1 Red8 24. Nxe6+ Kg8 25. Nxd8 Qxd8 26. Qe2 Qf6 27. Re8+ Kg7 28. Rxc8 Bxc8 29. Bxd5 cxd5 30. Qe5 1-0

[Event "Lanaudiere"]
[Site "Repentigny CAN"]
[Date "2007.08.17"]
[Round "1"]
[White "Hua, Lefong"]
[Black "Forget, David"]
[Result "1-0"]
[WhiteElo "2333"]
[BlackElo "1938"]
[PlyCount "95"]
[GameId "2160767910579832"]
[EventDate "2007.08.17"]
[EventType "swiss"]
[EventRounds "5"]
[EventCountry "CAN"]
[SourceTitle "EXT 2022"]
[Source "ChessBase"]
[SourceDate "2021.10.06"]
[SourceVersion "1"]
[SourceVersionDate "2021.10.06"]
[SourceQuality "1"]

1. d4 d5 2. c4 c6 3. Nc3 dxc4 4. a4 e5 5. e3 exd4 6. exd4 Be6 7. Nf3 Bb4 8. Be2 Nf6 9. O-O O-O 10. Ne5 Nbd7 11. Nxc4 Bxc4 12. Bxc4 Nb6 13. Bb3 Nbd5 14. Qd3 Re8 15. Bg5 Qd6 16. Bc2 Bxc3 17. Bxf6 Nxf6 18. bxc3 Re7 19. Rfe1 Rae8 20. Rxe7 Qxe7 21. g3 Qe4 22. Rb1 Qxd3 23. Bxd3 Rb8 24. Kf1 Kf8 25. Ke2 h6 26. Kd2 Ke7 27. h3 Kd6 28. c4 Kc7 29. Re1 Re8 30. Re3 Kd6 31. Bc2 Re7 32. Kd3 Rxe3+ 33. fxe3 Nh5 34. g4 Nf6 35. e4 Nd7 36. c5+ Ke7 37. a5 b6 38. cxb6 axb6 39. a6 b5 40. Kc3 Kd6 41. Bb3 f6 42. Kb4 Kc7 43. Ka5 Nb6 44. Be6 Nc4+ 45. Bxc4 bxc4 46. Kb4 c3 47. Kxc3 Kb6 48. e5 1-0

[Event "Lanaudiere"]
[Site "Repentigny CAN"]
[Date "2007.08.17"]
[Round "1"]
[White "Kieu, Marc-Andre"]
[Black "Jiang, Louie"]
[Result "0-1"]
[WhiteElo "1901"]
[BlackElo "2173"]
[PlyCount "102"]
[GameId "2160767910579833"]
[EventDate "2007.08.17"]
[EventType "swiss"]
[EventRounds "5"]
[EventCountry "CAN"]
[SourceTitle "EXT 2022"]
[Source "ChessBase"]
[SourceDate "2021.10.06"]
[SourceVersion "1"]
[SourceVersionDate "2021.10.06"]
[SourceQuality "1"]

1. e4 c5 2. Nf3 d6 3. d4 cxd4 4. Nxd4 Nf6 5. Nc3 a6 6. Be3 e5 7. Nb3 Be6 8. Be2 Be7 9. O-O b5 10. a3 Nbd7 11. Kh1 O-O 12. f4 Rc8 13. f5 Bc4 14. Bxc4 Rxc4 15. Nd2 Rc8 16. g4 d5 17. exd5 Rxc3 18. bxc3 Nxd5 19. Qf3 Nxc3 20. g5 Qa8 21. Rf2 e4 22. Qg3 Nd5 23. f6 Bc5 24. fxg7 Re8 25. g6 fxg6 26. Bxc5 Nxc5 27. Raf1 Nd7 28. Nxe4 N5f6 29. Qb3+ Kxg7 30. Rxf6 Nxf6 31. Rxf6 Qxe4+ 32. Rf3 Rf8 33. Qc3+ Kh6 34. Qe3+ Qxe3 35. Rxe3 Kg5 36. Kg2 Rc8 37. c3 Rc4 38. Re6 Ra4 39. Rc6 Rxa3 40. c4 b4 41. Rb6 a5 42. c5 Kf5 43. Rb7 Ke5 44. Rxh7 Kd5 45. Rc7 Rc3 46. Rg7 Kxc5 47. Rxg6 b3 48. Rg8 Kb4 49. h4 Rc5 50. Rb8+ Ka3 51. Kf3 b2 0-1

[Event "Lanaudiere"]
[Site "Repentigny CAN"]
[Date "2007.08.17"]
[Round "1"]
[White "Trottier, Yves"]
[Black "Giroux, Robert"]
[Result "1-0"]
[WhiteElo "1995"]
[BlackElo "1807"]
[PlyCount "83"]
[GameId "2160767910579836"]
[EventDate "2007.08.17"]
[EventType "swiss"]
[EventRounds "5"]
[EventCountry "CAN"]
[SourceTitle "EXT 2022"]
[Source "ChessBase"]
[SourceDate "2021.10.06"]
[SourceVersion "1"]
[SourceVersionDate "2021.10.06"]
[SourceQuality "1"]

1. e4 c5 2. Nc3 g6 3. g3 Bg7 4. Bg2 Nc6 5. f4 d6 6. Nf3 Bg4 7. h3 Bxf3 8. Qxf3 Nd4 9. Qd1 Rb8 10. O-O Nf6 11. g4 O-O 12. f5 Nd7 13. Nd5 e6 14. Ne3 Be5 15. Nc4 d5 16. Nxe5 Nxe5 17. c3 Ndc6 18. d4 cxd4 19. cxd4 Qb6 20. Kh1 Qxd4 21. Qxd4 Nxd4 22. Bf4 f6 23. g5 exf5 24. gxf6 Rbe8 25. exf5 Nxf5 26. Bxd5+ Kh8 27. Rae1 Nc6 28. f7 Rxe1 29. Rxe1 Kg7 30. Bd2 h5 31. Bc3+ Ncd4 32. Kg2 Rxf7 33. Bxf7 Kxf7 34. Bxd4 Nxd4 35. Rd1 Ne6 36. Rd7+ Kf6 37. Rxb7 h4 38. Rxa7 Nf4+ 39. Kh2 Kf5 40. Rf7+ Ke4 41. Rxf4+ Kxf4 42. b4 1-0